Quizzes
Events
Quiz Creation
Community
Videos
Private Events
Remove Ads
Sign In
Join for FREE
Feedback
Dark Mode
Quiz Categories
Sports
Geography
Music
Movies
Television
Just For Fun
Miscellaneous
History
Literature
Language
Science
Gaming
Entertainment
Religion
Holiday
For Kids
Quiz Lab
Recent
Popular Today
Quiz Kudos Today
Editor Picks
Curator Picks
Quizzes by...
Day
Popularity
Type
Ratings
Length
Year
Community
Subscriptions
Recent Discussions
Orange Saloon
Badges
Playlists
Quests
Create
Leaderboards
Showdown
Live 5
Trivia Bingo
Activity
Puzzle Library
Sporcle Events
Private Events
Virtual Trivia
Globe League
Become a Host
Pub Owners
SporcleCon
Opinionation
Our Games
Videos
Blog
Mobile Apps
Partnerships
Remove Ads and Go Orange
Feedback
Sports
Athletes
MLB
NBA
NHL
NFL
Soccer
Sports Teams
WWE
NCAA
Football
Premier League
Basketball
Baseball
Hockey
Golf
Tennis
Cricket
Rugby
Auto Racing
Olympics
World Cup
Sports
Athletes
MLB
NBA
NHL
NFL
Soccer
Sports Teams
WWE
NCAA
Football
Premier League
Basketball
Baseball
Hockey
Golf
Tennis
Cricket
Rugby
Auto Racing
Olympics
World Cup
Random Quiz
Search Sporcle
×
Quiz Lab
Quiz Lab
Sports
NBA
Type in answers that appear in a list
Type in answers that appear in a list
Classic
Best Score? Go Orange.
NBA Top 20 Scorers (2000's) Stats
Can you name the NBA Top 20 Scorers for each year (2000/01 - 2009/10)?
By
mgogol
8m
200 Questions
7,077 Plays
7,077 Plays
7,077 Plays
Comments
Comments
Give Quiz Kudos
Give Quiz Kudos
-
- Ratings
hide this ad
Replay
Link that replays current quiz
Next Quiz
Link to next quiz in quiz playlist
You Got
0%
They Got
Avg Score
74%
Avg Friend Score
Upgrade to see
Score Distribution
Jump to the score distribution portion of the page
Score
0/200
Timer
08:00
1
Play Today
Year
Player
% Correct
2009-
2010
LeBron James
98.8%
2008-
2009
LeBron James
98.8%
2007-
2008
LeBron James
98.8%
2006-
2007
LeBron James
98.8%
2005-
2006
LeBron James
98.8%
2004-
2005
Lebron James
98.8%
2003-
2004
Lebron James
98.8%
2009-
2010
Kobe Bryant
98.3%
2008-
2009
Kobe Bryant
98.3%
2007-
2008
Kobe Bryant
98.3%
2006-
2007
Kobe Bryant
98.3%
2005-
2006
Kobe Bryant
98.3%
2004-
2005
Kobe Bryant
98.3%
2003-
2004
Kobe Bryant
98.3%
2002-
2003
Kobe Bryant
98.3%
2001-
2002
Kobe Bryant
98.3%
2000-
2001
Kobe Bryant
98.3%
2005-
2006
Mike James
98.2%
2009-
2010
Kevin Durant
95%
2008-
2009
Kevin Durant
95%
2004-
2005
Shaquille O'Neal
94.9%
2003-
2004
Shaquille O'Neal
94.9%
2002-
2003
Shaquille O'Neal
94.9%
2001-
2002
Shaquille O'Neal
94.9%
2000-
2001
Shaquille O'Neal
94.9%
2009-
2010
Dwyane Wade
94.5%
2008-
2009
Dwyane Wade
94.5%
2005-
2006
Dwyane Wade
94.5%
2004-
2005
Dwyane Wade
94.5%
2003-
2004
Jermaine O'Neal
94.5%
2002-
2003
Jermaine O'Neal
94.5%
2007-
2008
Allen Iverson
93.5%
2006-
2007
Allen Iverson
93.5%
2005-
2006
Allen Iverson
93.5%
2004-
2005
Allen Iverson
93.5%
2002-
2003
Allen Iverson
93.5%
2001-
2002
Allen Iverson
93.5%
2000-
2001
Allen Iverson
93.5%
2006-
2007
Kevin Garnett
90.4%
2005-
2006
Kevin Garnett
90.4%
2004-
2005
Kevin Garnett
90.4%
2003-
2004
Kevin Garnett
90.4%
2002-
2003
Kevin Garnett
90.4%
2001-
2002
Kevin Garnett
90.4%
2000-
2001
Kevin Garnett
90.4%
2009-
2010
Carmelo Anthony
90.3%
2008-
2009
Carmelo Anthony
90.3%
2007-
2008
Carmelo Anthony
90.3%
2006-
2007
Carmelo Anthony
90.3%
2005-
2006
Carmelo Anthony
90.3%
2004-
2005
Carmelo Anthony
90.3%
2003-
2004
Carmelo Anthony
90.3%
2008-
2009
Paul Pierce
90%
2005-
2006
Paul Pierce
90%
2004-
2005
Paul Pierce
90%
2003-
2004
Paul Pierce
90%
2002-
2003
Paul Pierce
90%
2001-
2002
Paul Pierce
90%
2000-
2001
Paul Pierce
90%
2006-
2007
Tim Duncan
89.7%
2003-
2004
Tim Duncan
89.7%
2002-
2003
Tim Duncan
89.7%
2001-
2002
Tim Duncan
89.7%
2000-
2001
Tim Duncan
89.7%
2006-
2007
Ray Allen
89%
2005-
2006
Ray Allen
89%
2004-
2005
Ray Allen
89%
Year
Player
% Correct
2002-
2003
Ray Allen
89%
2001-
2002
Ray Allen
89%
2000-
2001
Ray Allen
89%
2007-
2008
Tracy McGrady
88.7%
2006-
2007
Tracy McGrady
88.7%
2004-
2005
Tracy McGrady
88.7%
2003-
2004
Tracy McGrady
88.7%
2002-
2003
Tracy McGrady
88.7%
2001-
2002
Tracy McGrady
88.7%
2000-
2001
Tracy McGrady
88.7%
2009-
2010
Dirk Nowitzki
87.1%
2008-
2009
Dirk Nowitzki
87.1%
2007-
2008
Dirk Nowitzki
87.1%
2006-
2007
Dirk Nowitzki
87.1%
2005-
2006
Dirk Nowitzki
87.1%
2004-
2005
Dirk Nowitzki
87.1%
2003-
2004
Dirk Nowitzki
87.1%
2002-
2003
Dirk Nowitzki
87.1%
2001-
2002
Dirk Nowitzki
87.1%
2000-
2001
Dirk Nowitzki
87.1%
2008-
2009
Vince Carter
84.5%
2007-
2008
Vince Carter
84.5%
2006-
2007
Vince Carter
84.5%
2005-
2006
Vince Carter
84.5%
2004-
2005
Vince Carter
84.5%
2003-
2004
Vince Carter
84.5%
2001-
2002
Vince Carter
84.5%
2000-
2001
Vince Carter
84.5%
2009-
2010
Chris Bosh
81.8%
2008-
2009
Chris Bosh
81.8%
2007-
2008
Chris Bosh
81.8%
2006-
2007
Chris Bosh
81.8%
2005-
2006
Chris Bosh
81.8%
2008-
2009
Dwight Howard
80.9%
2009-
2010
Amar'e Stoudemire
80.7%
2007-
2008
Amar'e Stoudemire
80.7%
2006-
2007
Amar'e Stoudemire
80.7%
2004-
2005
Amare Stoudemire
80.7%
2008-
2009
Tony Parker
80.6%
2008-
2009
David West
79.4%
2008-
2009
Chris Paul
79%
2007-
2008
Chris Paul
79%
2005-
2006
Pau Gasol
77.7%
2009-
2010
Joe Johnson
77.2%
2008-
2009
Joe Johnson
77.2%
2007-
2008
Joe Johnson
77.2%
2006-
2007
Joe Johnson
77.2%
2009-
2010
Derrick Rose
75%
2002-
2003
Jalen Rose
74.8%
2001-
2002
Jalen Rose
74.8%
2009-
2010
Chauncey Billups
72.9%
2006-
2007
Gilbert Arenas
70.9%
2005-
2006
Gilbert Arenas
70.9%
2004-
2005
Gilbert Arenas
70.9%
2001-
2002
Karl Malone
70.7%
2000-
2001
Karl Malone
70.7%
2002-
2003
Chris Webber
69.3%
2000-
2001
Chris Webber
69.3%
2007-
2008
Baron Davis
67.6%
2003-
2004
Baron Davis
67.6%
2005-
2006
Shawn Marion
64%
2003-
2004
Shawn Marion
64%
2002-
2003
Shawn Marion
64%
2002-
2003
Glenn Robinson
63.7%
2000-
2001
Glenn Robinson
63.7%
2009-
2010
Monta Ellis
63.1%
2008-
2009
Antawn Jamison
62.6%
Year
Player
% Correct
2007-
2008
Antawn Jamison
62.6%
2005-
2006
Antawn Jamison
62.6%
2002-
2003
Antawn Jamison
62.6%
2000-
2001
Antawn Jamison
62.6%
2007-
2008
Richard Jefferson
61.1%
2007-
2008
Al Jefferson
61.1%
2003-
2004
Peja Stojakovic
60.7%
2001-
2002
Peja Stojakovic
60.7%
2007-
2008
Michael Redd
59.3%
2006-
2007
Michael Redd
59.3%
2005-
2006
Michael Redd
59.3%
2004-
2005
Michael Redd
59.3%
2003-
2004
Michael Redd
59.3%
2007-
2008
Carlos Boozer
59%
2006-
2007
Carlos Boozer
59%
2009-
2010
Stephen Jackson
58.6%
2001-
2002
Gary Payton
58.1%
2000-
2001
Gary Payton
58.1%
2006-
2007
Elton Brand
57.6%
2005-
2006
Elton Brand
57.6%
2002-
2003
Jerry Stackhouse
57.5%
2001-
2002
Jerry Stackhouse
57.5%
2000-
2001
Jerry Stackhouse
57.5%
2004-
2005
Stephon Marbury
57.3%
2003-
2004
Stephon Marbury
57.3%
2002-
2003
Stephon Marbury
57.3%
2001-
2002
Stephon Marbury
57.3%
2000-
2001
Stephon Marbury
57.3%
2008-
2009
Brandon Roy
56.7%
2009-
2010
Danny Granger
55.4%
2008-
2009
Danny Granger
55.4%
2004-
2005
Rashard Lewis
55.1%
2009-
2010
Zach Randolph
53.7%
2006-
2007
Zach Randolph
53.7%
2003-
2004
Zach Randolph
53.7%
2001-
2002
Antoine Walker
53.3%
2000-
2001
Antoine Walker
53.3%
2004-
2005
Steve Francis
52.8%
2002-
2003
Steve Francis
52.8%
2007-
2008
Kevin Martin
52.1%
2006-
2007
Kevin Martin
52.1%
2005-
2006
Mike Bibby
50.7%
2007-
2008
Jason Richardson
50.1%
2005-
2006
Jason Richardson
50.1%
2004-
2005
Jason Richardson
50.1%
2003-
2004
Jason Richardson
50.1%
2009-
2010
David Lee
46.5%
2008-
2009
Ben Gordon
45.9%
2006-
2007
Ben Gordon
45.9%
2009-
2010
Rudy Gay
44.1%
2002-
2003
Allan Houston
42.9%
2001-
2002
Michael Finley
42.5%
2000-
2001
Michael Finley
42.5%
2003-
2004
Sam Cassell
37.7%
2009-
2010
Tyreke Evans
35.5%
2009-
2010
Corey Maggette
33.8%
2007-
2008
Corey Maggette
33.8%
2004-
2005
Corey Maggette
33.8%
2003-
2004
Corey Maggette
33.8%
2002-
2003
Jamal Mashburn
31.8%
2001-
2002
Shareef Abdur-Rahim
30.7%
2008-
2009
Devin Harris
29.5%
2001-
2002
Cuttino Mobley
26.8%
2008-
2009
Al Harrington
25.3%
2000-
2001
Antonio McDyess
21.3%
2009-
2010
Aaron Brooks
21.3%
Quiz Playlist
Details
Report
Send in Message
Add To Playlist
Classic:
Type in answers that appear in a list
Last Updated: Mar 2, 2017
Quiz Scoreboard
CHALLENGE
Sign Up to Join the Scoreboard
Show All
Scores
Hide
Comments
May contain spoilers
Recently Published
9x9 Crossword: Cartoon Network
by jackfrog10
Miscellaneous
3m
College Basketball Coaching Resumes
by pancakes188
Sports
9m
Billboard Blitz: Fleetwood Mac
by CooCooCachoo
Music
15s
More to Explore
Quiz From the Vault
Featured Blog Post
Where Did the Easter Bunny Come From?
hide this ad
You Might Also Like...
Tags
Basketball Quiz
NBA Quiz
2000s
Scoring Leaders
Today's Top Quizzes in Sports
Browse Sports
hide this ad
Today's Top Quizzes in NBA
Browse NBA
Top Contributed Quizzes in Sports
1
2022 World Cup Stars
2
Les meilleurs buteurs des matchs entre le PSG et l’OM
3
FIFA Club World Cup Champions
4
Les entraîneurs de l'OM et du PSG au 21e siècle
5
Criteria MLB: Left Handed Sluggers
6
2023 MLB Unique Player Accomplishments
7
AFC Teams Reveal (Wrong Answers Minefield)
8
Players with Multiple 50 Home Run Seasons
9
5-to-1: FBS Animal Nicknames
10
5-to-1: UK Sports Teams
Explore More
Trending Topics
NBA
Marvel
Crossword
Kpop
Disney
Harry Potter
Anime
WWE
Song
The Office
NFL
Puzzle
Country
Pokémon
Soccer
hide this ad
More By:
mgogol
Quiz
Plays
Rating
Category
Featured
Created
NBA 50-40-90 Club
11,250
3.98
Sports
Mar 30, 2011
NFL Top 10 Receiving Yards (2000's) - UPDATED
9,709
4.13
Sports
Feb 23, 2011
NBA PLAYOFFS 25+ Points Off The Bench (2000s)
8,651
4.26
Sports
May 16, 2012
NBA Triple-Doubles Since 2001/02
7,746
4.55
Sports
Mar 24, 2011
MLB Teammates with 90+ RBI (2006-2010)
7,212
4.47
Sports
Mar 21, 2011
Go to Creator's Profile
Score Distribution
Quiz Creator Spotlight
mgogol
Follow
Send a Message
Quizzes Created
-
Created Quiz Play Count
-
More By This Creator
Popular Quizzes Today
1
Find the US States - No Outlines Minefield
2
Find the Countries of Europe - No Outlines Minefield
3
The Countries of the World
4
Find the US States
5
Risky Map Clicking: Biggest States A-Z
6
US States
7
Popular People in 1961
8
Movies - When Are They Set?
More Sports Quizzes
Hill or Villeneuve?: Wins (1996)
Quiz Lab
Trending Quizzes
Risky Map Clicking: Least Populous States A-Z
1-10 Letter G Words
Risky Map Clicking: Next State Alphabetically
Adjectives in 80s TV Shows
Risky Map Clicking: Biggest States A-Z
Recently Updated
Leaping Animals
pecheneg
Reality TV Shows (A-Z)
bhenderson79
Rickey Henderson's Hall of Fame Teammates
pecheneg
Champions League XIs: Arsenal
pecheneg
Quick Pick: Celebrities in WWE's Hall of Fame
aduchscher
A-Z Keypad Blitz II
pecheneg
Multiple Oscar Actors
pecheneg
Mystery Phrase Blitz: Oscar 'Best Actors'
pecheneg
F. Scott Fitzgerald Novels
LTH
Pick 3 Villains
ddd62291
Trending Topics
Disney
NBA
Anime
Harry Potter
Crossword
Kpop
Marvel
Soccer
The Office
Song
NFL
Pokémon
Puzzle
Country
WWE
Your Account Isn't Verified!
In order to create a playlist on Sporcle, you need to verify the email address you used during registration. Go to your
Sporcle Settings
to finish the process.
Report this User
Report this user for behavior that violates our
Community Guidelines
.
Details:
Send Report
Go to the Sporcle.com Mobile Site →
Comments